00948nam a2200241 a 450000100100000000500170001000800410002702000150006804000250008308200170010810000170012524501800014226000700032249000100039253401380040265000150054065000280055565000250058365000280060870000260063670000340066283000100069600002290620200930021852.0101122s1993 ag r 000 0 spa d a9506942889 aDO-SdBNPbspacBNPHU a070.4bC678c1 aCohn, Victor10aCiencia, periodismo y público :buna guía para entender el lenguaje de las estadísticas /cVictor Cohn ; traducción de Cristina Piña ; prólogo Frederick Mosteller. aBuenos Aires, (Argentina) :bGrupo Editor Latinoamericano,c1993.0 aTemas aTítulo original en inglés:tNews & numbers. A guide to reporting statistical claims and controversies in health and other fields. 4aPeriodismo 4aPeriodismo científico 4aPeriodismo educativo 4aPeriodismoxEnseñanza1 aPiña, Cristinaetr.1 aMosteller, Frederickepról. 0aTemas